| 000 | 00620nam a2200181 i 4500 | ||
|---|---|---|---|
| 001 | 92977 | ||
| 003 | ES-MaACL | ||
| 005 | 20230906181111.0 | ||
| 007 | t| | ||
| 008 | 050406s1902 sp ||||1| spa d | ||
| 100 | 1 |
_aLockroy, Edouard. _973056 |
|
| 245 | 1 | 0 |
_aDel Weser al Vístula _b: cartas sobre la marina alemana / _cpor Edouard Lockroy ; traducido en la Escuela Naval. |
| 260 |
_aFerrol : _b[s.n.], _c1902 ( _fImp. de "El Correo Gallego") |
||
| 300 |
_aXIII, 275 p. ; _c18 cm. |
||
| 650 | 4 |
_aMarina de guerra- _zAlemania. _9157360 |
|
| 710 | 2 |
_aEscuela Naval Militar (España) _9166762 |
|
| 852 |
_aES-MaACL _jG-11133 |
||
| 999 |
_c92977 _d92977 |
||